Normal view
MARC view
- Saleem,Muhammad Talha Hammad,Muhammad & Malhi,Chaudhry waleed ilyas
Entry Personal Name
001 - CONTROL NUMBER
- control field: 4978
003 - CONTROL NUMBER IDENTIFIER
- control field: NUST
005 - DATE AND TIME OF LATEST TRANSACTION
- control field: 20170925124824.0
008 - FIXED-LENGTH DATA ELEMENTS
- fixed length control field: 170925|| aca||aabn | a|a d
040 ## - CATALOGING SOURCE
- Original cataloging agency: NUST
- Transcribing agency: NUST
100 ## - HEADING--PERSONAL NAME
- Personal name: Saleem,Muhammad Talha Hammad,Muhammad & Malhi,Chaudhry waleed ilyas
670 ## - SOURCE DATA FOUND
- Source citation: Work cat.: (NUST): Saleem,Muhammad Talha Hammad,Muhammad & Malhi,Chaudhry waleed ilyas, are we willing to pay for enviromental goods? emperical estimates for pakistan, 2016
